000 00751nam a2200253Ia 4500
008 180523s9999 xx 000 0 und d
020 _a978-981-4319-87-4
050 _aMAIN HF 5381
050 _b.M37 2011 c.1
100 _aMasters, Ann. L.
245 0 _aPersonal development for work and life /
245 0 _cAnn L. Masters, Harold R. Wallace; contributing author Lauri Hardwood.
250 _aPhilippine Edition
260 _aSingapore :
260 _bCengage Learning,
260 _c2011
300 _a456 pages :
300 _billustrations ;
300 _c23 cm.
500 _aIncludes bibiliographical references and index.
650 _aPersonality and occupation.
650 _aVocational guidance.
650 _xSuccess.
999 _c357004
_d357004